000 00750nam a2200265Ia 4500
003 OSt
005 20221005081909.0
006 a|||||r|||| 00| 0
007 ta
008 221004b |||||||| |||| 00| 0 eng d
020 _a0761998489
024 _a79476
037 _cTextual
040 _aCRL
_cCRL
_beng
041 _2eng
_aeng
082 _aW:28.5, P4
100 _aMunshi Surendra Ed.
245 0 _aGood governace, democratic societies and globalisation
260 _aNew Delhi
_bSage Publications India
_c2004
300 _a424p.
_ccm.
650 _aPOLITICAL SCIENCE
700 _a Abraham Biju Paul
_9611390
942 _hW:28.5, P4
_cTEXL
_2cc
999 _c988440
_d988440